Top 10 Countries with most Punjabi speakers - Statistics

General Stats
  • This quiz has been taken 2,023 times
    2,022 since last reset
  • The average score is 6 of 10
Answer Stats
Hint Answer % Correct
33,038,280 India
100%
76,335,300 Pakistan
98%
640,000 United States
92%
2,300,000 United Kingdom
89%
1,100,000 Canada
86%
720,000 United Arab Emirates
47%
620,000 Saudi Arabia
44%
185,000 Malaysia
32%
120,000 Burma/Myanmar
23%
140,000 South Africa
22%
No matching quizzes found
Score Distribution
Percent of People with Each Score
Percentile by Number Answered
Your Score History
You have not taken this quiz since the last reset